La cuestión Cabrera / (Record no. 41517)
[ view plain ]
| 000 -LEADER | |
|---|---|
| campo de control de longitud fija | 00436nam a2200157 i 4500 |
| 001 - NÚMERO DE CONTROL | |
| campo de control | 41517 |
| 003 - IDENTIFICADOR DE NÚMERO DE CONTROL | |
| campo de control | ES-MaACL |
| 005 - FECHA Y HORA DE LA ÚLTIMA TRANSACCIÓN | |
| campo de control | 20230906160439.0 |
| 007 - CAMPO FIJO DE DESCRIPCIÓN FÍSICA--INFORMACIÓN GENERAL | |
| campo de control de longitud fija | t| |
| 008 - DATOS DE LONGITUD FIJA--INFORMACIÓN GENERAL | |
| campo de control de longitud fija | 030311s1879 sp ||||1| spa d |
| 100 1# - ENTRADA PRINCIPAL--NOMBRE DE PERSONA | |
| Nombre de persona | Caso, José Indalecio. |
| 9 (RLIN) | 36324 |
| 245 13 - MENCIÓN DEL TÍTULO | |
| Título | La cuestión Cabrera / |
| Mención de responsabilidad, etc. | por José Indalecio Caso. |
| 260 ## - PUBLICACIÓN, DISTRIBUCIÓN, ETC. | |
| Lugar de publicación, distribución, etc. | Madrid : |
| Nombre del editor, distribuidor, etc. | [s.n., |
| Fecha de publicación, distribución, etc. | 1879] ( |
| Fabricante | G. Estrada) |
| 300 ## - DESCRIPCIÓN FÍSICA | |
| Extensión | 446 p., XCV p. ; |
| Dimensiones | 18 cm. |
| 852 ## - LOCALIZACIÓN | |
| Ubicación | ES-MaACL |
| Número de control de estantería | G-8665 |
| Estatus retirado | Estado de pérdida | Estado de daño | No para préstamo | Colección | Biblioteca de origen | Biblioteca actual | Ubicación en estantería | Fecha de adquisición | Fuente de adquisición | Total de préstamos | Signatura topográfica completa | Código de barras | Visto por última vez | Precio de reemplazo | Tipo de ítem Koha |
|---|---|---|---|---|---|---|---|---|---|---|---|---|---|---|---|
| Libros del s. XIX | Biblioteca del Ateneo de Madrid | Biblioteca del Ateneo de Madrid | Sala Pecera Planta 3 | 17/01/2008 | G-8665 | 1043705 | 23/02/2023 | 23/02/2023 | Libro impreso antiguo |
